000 04697cgm a2200877Ii 4500
001 ocn876080570
003 OCoLC
005 20241220140841.0
008 140408s2014 cau105 vleng d
007 vd cvaizq
040 _aTEFMT
_beng
_erda
_cTEFMT
_dTEF
_dBDX
_dIH7
_dPX0
_dUINTA
024 1 _a043396436343
028 4 2 _a43634
_bSony
035 _a(OCoLC)876080570
041 1 _aeng
_jeng
_jspa
_heng
043 _ae-it---
050 4 _aPN1997.2
_b.P66 2014
082 0 4 _a791.43/72
_223
049 _aUCLB
092 _a791.437
245 0 0 _aPompeii /
_cTriStar Pictures and Film District present ; a Constantin Film International/Impact Pictures production ; produced by Jeremy Bolt, Paul W. S. Anderson, Robert Kulzer, Don Carmody ; written by Janet Scott Batchler & Lee Batchler and Michael Robert Johnson ; director, Paul W.S. Anderson.
264 2 _aCulver City, Calif. :
_bSony Pictures Home Entertainment,
_c[2014]
300 _a1 videodisc (approximately 105 minutes) :
_bsound, color ;
_c4 3/4 in.
336 _atwo-dimensional moving image
337 _avideo
338 _avideodisc
340 _b4 3/4 in.
_2rda
344 _adigital
_boptical
_gsurround
_hDolby Digital 5.1
_2rda
345 _awidescreen (2.40:1)
_b24 fps
_2rda
346 _bNTSC
_2rda
347 _avideo file
_bDVD video
_eRegion 1
_2rda
380 _aMotion picture
538 _aDVD, region 1, anamorphic widescreen (2.40:1) presentation; 5.1 Dolby Digital.
546 _aIn English; English and Spanish subtitles; English subtitles for the deaf and hard-of-hearing (SDH); English descriptive audio track for people with visual disabilities.
588 _aTitle from disc surface.
511 1 _aKit Harrington, Emily Browning, Kiefer Sutherland, Jared Harris, Currie Graham, Adewale Akinnuoye-Agbaje, Sasha Roiz, Carrie-Anne Moss, Jessica Lucas.
508 _aDirector of photography, Glen MacPherson ; music, Clinton Shorter ; editor, Michele Conroy.
500 _aOriginally released as a motion picture in 2014.
521 8 _aMPAA rating: PG-13; for intense battle sequences, disaster-related action and brief sexual content.
520 _aSet in 79 A.D., Pompeii tells the epic story of Milo, a slave turned invincible gladiator who finds himself in a race against time to save his true love Cassia, the beautiful daughter of a wealthy merchant who has been unwillingly betrothed to a corrupt Roman Senator. As Mount Vesuvius erupts in a torrent of blazing lava, Milo must fight his way out of the arena in order to save his beloved as the once magnificent Pompeii crumbles around him.
500 _aSpecial features: Filmmakers commentary; The assembly: cast and characters; The volcanic eruption: special effects.
651 0 _aVesuvius (Italy)
_xEruption, 79
_vDrama.
_96518446
651 0 _aPompeii (Extinct city)
_vDrama.
_96518447
651 0 _aPompeii (Extinct city)
_xSocial life and customs
_vDrama.
_96518448
655 7 _aFeature films.
_2lcgft
_96271957
655 7 _aHistorical films.
_2lcgft
_96271958
655 7 _aAction and adventure films.
_2lcgft
_96271959
655 7 _aFiction films.
_2lcgft
_96271960
655 7 _aVideo recordings for the hearing impaired.
_2lcgft
_96271961
655 7 _aVideo recordings for people with visual disabilities.
_2lcgft
_95676923
700 1 _aAnderson, Paul,
_d1965-
_efilm director,
_efilm producer.
_950139
700 1 _aBatchler, Janet Scott,
_escreenwriter.
_974228
700 1 _aBatchler, Lee,
_escreenwriter.
_974227
700 1 _aJohnson, Michael Robert,
_escreenwriter.
_96205089
700 1 _aBolt, Jeremy,
_efilm producer.
_95764701
700 1 _aKulzer, Robert,
_efilm producer.
_967480
700 1 _aCarmody, Don,
_efilm producer.
_944818
700 1 _aHarington, Kit,
_d1986-
_eactor.
_95811094
700 1 _aBrowning, Emily,
_d1988-
_eactor.
_970420
700 1 _aSutherland, Kiefer,
_d1966-
_eactor.
_95705000
700 1 _aHarris, Jared,
_d1961-
_eactor.
_976612
700 1 _aGraham, Currie,
_d1967-
_eactor.
_96222661
700 1 _aAkinnuoye-Agbaje, Adewale,
_d1967-
_eactor.
_968833
700 1 _aRoiz, Sasha,
_d1973-
_eactor.
_96271962
700 1 _aMoss, Carrie-Anne,
_d1970-
_eactor.
_958411
700 1 _aLucas, Jessica,
_d1985-
_eactor.
_96223727
710 2 _aTri-Star Pictures,
_epresenter.
_936498
710 2 _aFilmDistrict (Firm),
_epresener.
_95692906
710 2 _aConstantin Film (Firm),
_eproduction company.
_976424
710 2 _aImpact Pictures,
_eproduction company.
_95764703
710 2 _aSony Pictures Home Entertainment (Firm)
_971947
938 _aBrodart
_bBROD
_n109052684
942 _cDVD
_0181
994 _aC0
_bUINTA
998 _aa186292
999 _c110492
_d110492